2003 AFL Premiership Team - Statistics

General Stats
  • This quiz has been taken 47 times
  • The average score is 14 of 24
Answer Stats
Hint Answer % Correct
Premiership Team Brisbane
98%
Full Forward Alastair Lynch
93%
Centre Half Forward Jonathan Brown
90%
Coach Leigh Matthews
90%
Centre Michael Voss
90%
Wing Jason Akermanis
88%
Ruck Rover Simon Black
83%
Half Back Flank Luke Power
66%
Full Back Mal Michael
66%
Rover Shaun Hart
61%
Forward Pocket Craig McRae
59%
Ruck Clark Keating
56%
Centre Half Flank Justin Leppitsch
56%
Half Back Flank Nigel Lappin
56%
Forward Pocket Daniel Bradshaw
54%
Back Pocket Chris Johnson
51%
Back Pocket Darryl White
49%
Wing Martin Pike
49%
Interchange Marcus Ashcroft
44%
Half Forward Flank Ashley McGrath
37%
Interchange Jamie Charman
22%
Interchange Richard Hadley
22%
Interchange Blake Caracella
20%
Half Forward Flank Robert Copeland
17%
No matching quizzes found
Score Distribution
Percent of People with Each Score
Percentile by Number Answered
Your Score History
You have not taken this quiz